| 000 | 00691nam a2200205 a 4500 | ||
|---|---|---|---|
| 001 | 000004765 | ||
| 005 | 20200929151511.0 | ||
| 008 | 090727s1973 sp a 000 0 spa d | ||
| 020 | _a8425407850 | ||
| 040 | _aDO-SdBNP | ||
| 082 |
_axxxx _bB596n |
||
| 100 | 1 |
_aBillard, Francois _913836 |
|
| 245 | 1 | 3 |
_aEl niño fisicamente disnimuido : _bun niño como los otros / _cFrancois Billard ; prefacio Marc Oraison. |
| 260 |
_aBarcelona, España : _bHerder, _c1973. |
||
| 440 | 4 |
_aNuestros Hijos _n2 _913837 |
|
| 504 | _aIncluye referencias bibliográficas y notas al pie de las páginas | ||
| 504 | _aIncluye bibliografías (p. 91-92) | ||
| 700 | 1 |
_aOraison, Marc, _epref. _913838 |
|
| 049 | _aBNPD | ||
| 999 |
_c4571 _d4571 |
||